Library manual: (Record no. 153020)

MARC details
000 -LEADER
fixed length control field 00663nam a22002057a 4500
005 - DATE AND TIME OF LATEST TRANSACTION
control field 20210218150135.0
010 ## - LCCN (DPL NO)
LC control number A-998201
020 ## - INTERNATIONAL STANDARD BOOK NUMBER
International Standard Book Number 8175410345
035 ## - SYSTEM CONTROL NUMBER
System control number A-998201
037 ## - SOURCE OF ACQUISITION
Source of stock number/acquisition Shipra Publications.
082 ## - DEWEY DECIMAL CLASSIFICATION NUMBER
Classification number 025
100 ## - MAIN ENTRY--PERSONAL NAME
Personal name Jain,M.K.
245 ## - TITLE STATEMENT
Title Library manual:
Remainder of title practical approach to managment/
Statement of responsibility, etc by Jain,M.K.
260 ## - PUBLICATION, DISTRIBUTION, ETC. (IMPRINT)
Place of publication, distribution, etc Delhi
Name of publisher, distributor, etc Shipra Publications.
Date of publication, distribution, etc 1996
270 ## - ADDRESS
Address 115-A, Vikas Marg, Shakarpur, Delhi-110092
City Delhi
Postal code 110092
300 ## - PHYSICAL DESCRIPTION
Extent 323p.
Dimensions 21cm(hb)
500 ## - GENERAL NOTE
General note Index
942 ## - ADDED ENTRY ELEMENTS (KOHA)
Source of classification or shelving scheme Dewey Decimal Classification
Item type English Books
Classification part 025
Call number suffix JAI
Holdings
Withdrawn status Lost status Not for loan Collection code Home library Current library Date acquired Full call number Barcode Koha item type
      Non-fiction Sarojini Nagar Sarojini Nagar 02/07/2018 025 JAI A-998201 English Books

© Delhi Public Library
Hit Counter
free hit counter